[Event "Hyderabad Singh Ji Memorial"]
[Site "Hyderabad"]
[Date "2023.01.10"]
[Round "1"]
[White "Naga, Udaya Anurag Tummap"]
[Black "Kushagra, Mohan"]
[Result "0-1"]
[WhiteElo "1203"]
[BlackElo "2389"]
[PlyCount "100"]
[EventDate "2023.01.10"]
[EventType "swiss"]
[EventRounds "9"]
[EventCountry "IND"]
[SourceTitle "CBM 212 Extra"]
[Source "ChessBase"]
[SourceDate "2023.03.31"]
[SourceVersion "1"]
[SourceVersionDate "2023.03.31"]
[SourceQuality "1"]

1. d4 Nf6 2. Bf4 g6 3. Nc3 d5 4. e3 Bg7 5. Nb5 Na6 6. Nc3 0-0 7. Nf3 c5 8. Be2 Bf5 9. Nh4 cxd4 10. exd4 Be6 11. 0-0 Nb4 12. h3 Nc6 13. Nf3 Ne4 14. Nb5 Rc8 15. c3 a6 16. Na3 b5 17. Nc2 Qb6 18. a3 Rfd8 19. Nb4 a5 20. Nxc6 Rxc6 21. Qb3 Nd6 22. Bxd6 Rcxd6 23. Nd2 Rb8 24. g4 h6 25. Rfe1 b4 26. axb4 axb4 27. Ra6 Qc7 28. Rxd6 Qxd6 29. Qc2 Rc8 30. Nb3 bxc3 31. bxc3 Bd7 32. Nc5 Bc6 33. Rd1 e5 34. Ba6 Rb8 35. Qd2 e4 36. Qe3 f5 37. f4 g5 38. fxg5 f4 39. Qf2 hxg5 40. Re1 Bf8 41. Qa2 Kh8 42. c4 Bg7 43. Rd1 f3 44. Qf2 Rf8 45. Kf1 Rf6 46. cxd5 Bxd5 47. Bb5 Rh6 48. Nxe4 Bxe4 49. Qe3 Qg3 50. Qxe4 Qg2+ 0-1